| 000 | 00360nam a2200121Ia 4500 | ||
|---|---|---|---|
| 008 | 230907s9999||||xx |||||||||||||| ||und|| | ||
| 082 |
_a629.13432 _bABB |
||
| 100 |
_aAbbott, Ira H. _9115333 |
||
| 245 | 0 | _aTheory of wing sections, including a summary of airfoil data / | |
| 260 |
_aDover Publications, _bNew York : _c2017 |
||
| 300 | _ax, 693 p. : | ||
| 942 | _cBK | ||
| 999 |
_c598149 _d598149 |
||